[Event "DRUGA LIGA SRBIJE-GRUPA VOJVODINA 2016"]
[Site "Kac"]
[Date "2016.11.15"]
[Round "1.1"]
[White "Kopasz, Robert"]
[Black "Mastrapovic, Vladimir"]
[Result "1/2-1/2"]
[WhiteElo "2260"]
[BlackElo "2289"]
[PlyCount "91"]
[EventDate "2016.11.15"]

1. e4 c5 2. b3 Nc6 3. Bb2 d6 4. Bb5 Bd7 5. Nf3 Nf6 6. Nc3 a6 7. Bxc6 Bxc6 8. d3
e5 9. O-O g6 10. Ne2 Bg7 11. c4 O-O 12. Ne1 Nh5 13. Bc1 f5 14. f3 b5 15. Bd2 b4
16. Nc2 Nf4 17. Nxf4 exf4 18. Rb1 g5 19. Bc1 a5 20. Bb2 Bxb2 21. Rxb2 Qf6 22.
Rb1 a4 23. Re1 axb3 24. axb3 Ra2 25. Ra1 Rfa8 26. Rxa2 Rxa2 27. d4 fxe4 28.
fxe4 Qg6 29. Qd3 g4 30. dxc5 dxc5 31. Qd8+ Be8 32. Qd3 Bc6 33. Qd8+ Be8 34. Qd3
f3 35. Kh1 Qf6 36. Ne3 g3 37. Nf5 fxg2+ 38. Kg1 gxh2+ 39. Kxh2 Kf8 40. Qg3 Bd7
41. Qb8+ Kf7 42. Qc7 Kg6 43. Qg3+ Kf7 44. Qc7 Kg6 45. Qg3+ Kf7 46. Qc7 1/2-1/2

[Event "DRUGA LIGA SRBIJE-GRUPA VOJVODINA 2016"]
[Site "Kac"]
[Date "2016.11.15"]
[Round "1.1"]
[White "Kecskemeti, Arpad"]
[Black "Zegarac, Vuk"]
[Result "1/2-1/2"]
[WhiteElo "2216"]
[BlackElo "2233"]
[PlyCount "44"]
[EventDate "2016.11.15"]

1. e4 c5 2. Nf3 e6 3. d4 cxd4 4. Nxd4 Nf6 5. Nc3 Nc6 6. Ndb5 Bb4 7. a3 Bxc3+ 8.
Nxc3 d5 9. exd5 exd5 10. Bd3 O-O 11. O-O d4 12. Ne2 Bg4 13. h3 Bh5 14. Bf4 Qd5
15. Qd2 Bg6 16. Rad1 Rfd8 17. Ng3 Ne4 18. Nxe4 Bxe4 19. Bxe4 Qxe4 20. Rfe1 Qf5
21. Bg3 Rac8 22. Qd3 Qxd3 1/2-1/2

[Event "DRUGA LIGA SRBIJE-GRUPA VOJVODINA 2016"]
[Site "Kac"]
[Date "2016.11.15"]
[Round "1.1"]
[White "Moldovanovic, Dragan"]
[Black "Nagy, Attila N"]
[Result "0-1"]
[WhiteElo "2005"]
[BlackElo "2185"]
[PlyCount "92"]
[EventDate "2016.11.15"]

1. d4 Nf6 2. c4 g6 3. Nc3 c5 4. Nf3 Bg7 5. Bg5 cxd4 6. Nxd4 O-O 7. e3 Nc6 8.
Be2 Qa5 9. Bxf6 Bxf6 10. O-O Bg7 11. Nb3 Qd8 12. Qd2 d6 13. Rfd1 Be6 14. Nd4
Nxd4 15. exd4 Rc8 16. b3 a6 17. Bf3 Rb8 18. a4 Bf5 19. Ra2 Re8 20. Nd5 b5 21.
Nb4 bxc4 22. Nc6 c3 23. Qxc3 Qc7 24. Qc4 Rb6 25. b4 Be6 26. d5 Rxc6 27. Qxc6
Qxc6 28. dxc6 Bxa2 29. b5 Bc3 30. a5 axb5 31. a6 Be5 32. Bd5 Bxd5 33. Rxd5 e6
34. Rxb5 d5 35. a7 Ra8 36. Rb7 Kg7 37. Kf1 Bd4 38. c7 Bxa7 39. Rxa7 Rc8 40. Ke2
Kf6 41. g4 h6 42. Rb7 Ke5 43. Ke3 Kd6 44. h4 Rxc7 45. Rb8 Rc3+ 46. Ke2 Rh3 0-1

[Event "DRUGA LIGA SRBIJE-GRUPA VOJVODINA 2016"]
[Site "Kac"]
[Date "2016.11.15"]
[Round "1.1"]
[White "Vranic, Ljubomir"]
[Black "Stankovic, Milos M"]
[Result "1/2-1/2"]
[WhiteElo "2168"]
[BlackElo "1816"]
[PlyCount "58"]
[EventDate "2016.11.15"]

1. d4 Nf6 2. c4 d6 3. Nc3 e5 4. d5 g6 5. e4 Bg7 6. f3 O-O 7. Bg5 Qe8 8. Nb5 Na6
9. g4 Bd7 10. Qd2 Qc8 11. Ne2 Nc5 12. Ng3 a5 13. Be2 Bxb5 14. cxb5 Qd7 15.
O-O-O Rfb8 16. Kb1 Ne8 17. h4 c6 18. h5 cxb5 19. Rh3 f6 20. Be3 g5 21. h6 Bf8
22. Nh5 b6 23. Qe1 Be7 24. Qf1 Nc7 25. Ng7 b4 26. Nf5 Bf8 27. Rh5 Qd8 28. Qe1
Kh8 29. Qd2 Ra7 1/2-1/2

[Event "DRUGA LIGA SRBIJE-GRUPA VOJVODINA 2016"]
[Site "Kac"]
[Date "2016.11.15"]
[Round "1.2"]
[White "Czebe, Attila"]
[Black "Indjic, Dusan"]
[Result "1-0"]
[WhiteElo "2482"]
[BlackElo "2283"]
[PlyCount "145"]
[EventDate "2016.11.15"]

1. Nf3 Nf6 2. g3 d5 3. Bg2 c6 4. c4 Bg4 5. Ne5 Be6 6. cxd5 Bxd5 7. Nf3 e5 8.
O-O Nbd7 9. Nc3 Bxf3 10. Bxf3 Bc5 11. a3 a5 12. Rb1 Qe7 13. b4 axb4 14. axb4
Bxb4 15. Qb3 Bxc3 16. Qxc3 e4 17. Bg2 Ra7 18. f3 exf3 19. Rxf3 O-O 20. Re3 Qd6
21. Bb2 Re8 22. Rxe8+ Nxe8 23. d4 Qg6 24. e4 Nef6 25. Re1 h5 26. e5 Nd5 27.
Bxd5 cxd5 28. Qc8+ Kh7 29. Qxd7 Ra2 30. Qxb7 Qc2 31. Rc1 Qxb2 32. Qxb2 Rxb2 33.
Rc5 Kg6 34. Rxd5 Kf5 35. Rd7 Ke6 36. Rd6+ Kf5 37. Rd7 Ke6 38. Rd8 Rd2 39. h3
Ke7 40. Rd6 g5 41. Rh6 Rxd4 42. Rxh5 f6 43. Kf2 Ke6 44. exf6 Kxf6 45. Rh6+ Kg7
46. Re6 Kf7 47. Re3 Kf6 48. Ra3 Kg6 49. g4 Kf6 50. Ke2 Re4+ 51. Kd2 Re5 52. Rd3
Ra5 53. Kc3 Ra1 54. Re3 Rh1 55. Rf3+ Ke6 56. Kd3 Ra1 57. Ke3 Rh1 58. Kf2 Ra1
59. Kg3 Ra5 60. h4 gxh4+ 61. Kxh4 Ra8 62. g5 Rh8+ 63. Kg4 Rh1 64. g6 Rg1+ 65.
Kh5 Rh1+ 66. Kg5 Ke7 67. g7 Rg1+ 68. Kh6 Rh1+ 69. Kg6 Rg1+ 70. Kh7 Rh1+ 71. Kg8
Ra1 72. Rh3 Kf6 73. Kh8 1-0

[Event "DRUGA LIGA SRBIJE-GRUPA VOJVODINA 2016"]
[Site "Kac"]
[Date "2016.11.15"]
[Round "1.2"]
[White "Vujadinovic, Goran"]
[Black "Bulajic, Ratko"]
[Result "1/2-1/2"]
[WhiteElo "2338"]
[BlackElo "2331"]
[PlyCount "66"]
[EventDate "2016.11.15"]

1. g3 g6 2. Bg2 Bg7 3. e4 c5 4. f4 Nc6 5. d3 e6 6. Nf3 Nge7 7. O-O d6 8. c3 O-O
9. Na3 Rb8 10. Nc2 b5 11. a3 f5 12. exf5 gxf5 13. Be3 a5 14. Re1 h6 15. Bf2 Nd5
16. Nh4 Nce7 17. Ne3 Nxe3 18. Rxe3 Bd7 19. Qe2 Qc8 20. Re1 Rf6 21. d4 cxd4 22.
cxd4 Qc4 23. Rc3 Qxe2 24. Rxe2 Rc8 25. Rxc8+ Bxc8 26. Rc2 Rf8 27. Rc7 Bf6 28.
Nf3 Nd5 29. Ra7 Bd8 30. Nh4 Bb6 31. Ra8 Bb7 32. Rxf8+ Kxf8 33. Bf1 Bc6 1/2-1/2

[Event "DRUGA LIGA SRBIJE-GRUPA VOJVODINA 2016"]
[Site "Kac"]
[Date "2016.11.15"]
[Round "1.2"]
[White "Tancik, Kristijan"]
[Black "Stanojevic, Branko"]
[Result "1-0"]
[WhiteElo "2289"]
[BlackElo "2221"]
[PlyCount "53"]
[EventDate "2016.11.15"]

1. d4 Nf6 2. c4 c5 3. d5 b5 4. Nd2 Qa5 5. e4 d6 6. Qc2 g6 7. cxb5 Bg7 8. a4 O-O
9. Ngf3 a6 10. Ra3 e6 11. dxe6 Bxe6 12. Be2 Nbd7 13. O-O axb5 14. axb5 Qb4 15.
Ng5 d5 16. Nxe6 fxe6 17. Ra6 Rxa6 18. bxa6 c4 19. exd5 exd5 20. b3 Re8 21. Bf3
c3 22. Nb1 Ne4 23. a7 Bd4 24. Bxe4 dxe4 25. Be3 Bxe3 26. fxe3 Qb6 27. Qxe4 1-0

[Event "DRUGA LIGA SRBIJE-GRUPA VOJVODINA 2016"]
[Site "Kac"]
[Date "2016.11.15"]
[Round "1.2"]
[White "Mijatovic, Dejan"]
[Black "Dekic, Josip"]
[Result "1/2-1/2"]
[WhiteElo "2248"]
[BlackElo "2263"]
[PlyCount "60"]
[EventDate "2016.11.15"]

1. d4 Nf6 2. Nf3 g6 3. g3 Bg7 4. Bg2 O-O 5. O-O d5 6. b3 a5 7. a3 c6 8. Bb2 a4
9. Nbd2 Bf5 10. c4 Ne4 11. cxd5 cxd5 12. b4 Nc6 13. Rc1 Qd7 14. Ne5 Nxe5 15.
dxe5 Qe6 16. Nf3 Rfd8 17. Qd4 Bh3 18. Rfd1 Bxg2 19. Kxg2 g5 20. Ne1 g4 21. f3
gxf3+ 22. exf3 Ng5 23. Qh4 Qf5 24. Rc5 e6 25. Qf4 Qh3+ 26. Kg1 Bh6 27. Qh4 Qxh4
28. gxh4 Nh3+ 29. Kg2 Nf4+ 30. Kf2 Rdc8 1/2-1/2

[Event "DRUGA LIGA SRBIJE-GRUPA VOJVODINA 2016"]
[Site "Kac"]
[Date "2016.11.15"]
[Round "1.2"]
[White "Tokovic, Svetozar"]
[Black "Kovacevic, Dragan"]
[Result "1-0"]
[WhiteElo "2258"]
[BlackElo "2235"]
[PlyCount "29"]
[EventDate "2016.11.15"]

1. Nf3 d6 2. d4 Nf6 3. c4 c6 4. Nc3 Nbd7 5. Qc2 e5 6. e3 Be7 7. Be2 O-O 8. O-O
Qc7 9. b3 Re8 10. Bb2 b6 11. Rfd1 Bb7 12. Rac1 Rac8 13. Bd3 Bf8 14. Ng5 h6 15.
Bh7+ 1-0

[Event "DRUGA LIGA SRBIJE-GRUPA VOJVODINA 2016"]
[Site "Kac"]
[Date "2016.11.15"]
[Round "1.2"]
[White "Skoko, Milan"]
[Black "Strangar, Zlatko"]
[Result "1-0"]
[WhiteElo "2128"]
[BlackElo "2223"]
[PlyCount "77"]
[EventDate "2016.11.15"]

1. e4 e6 2. d4 d5 3. Nd2 Nf6 4. e5 Nfd7 5. Bd3 c5 6. c3 Nc6 7. Ne2 f6 8. exf6
Nxf6 9. Nf3 Bd6 10. O-O O-O 11. Bf4 Bxf4 12. Nxf4 Qb6 13. Rb1 cxd4 14. cxd4 Bd7
15. b4 Ne4 16. Ne2 Rxf3 17. Bxe4 Ra3 18. Bc2 Nxb4 19. Rb2 Qa5 20. Bb1 b6 21.
Qd2 Nc6 22. Qf4 Qa6 23. Ng3 Qc8 24. Qd6 Ra4 25. Ne2 Nxd4 26. Nxd4 Rxd4 27. Rb3
Rh4 28. Rg3 Qe8 29. Rxg7+ Kxg7 30. Qg3+ Kh8 31. Qxh4 Qf7 32. f4 Rc8 33. h3 Qg7
34. Kh2 Kg8 35. Rf3 Be8 36. Rg3 Bg6 37. f5 exf5 38. Bxf5 Qe5 39. Bxg6 1-0

[Event "DRUGA LIGA SRBIJE-GRUPA VOJVODINA 2016"]
[Site "Kac"]
[Date "2016.11.15"]
[Round "1.3"]
[White "Somborski, Nebojsa"]
[Black "Mikheev, Stanislav"]
[Result "1-0"]
[WhiteElo "2327"]
[BlackElo "2281"]
[PlyCount "67"]
[EventDate "2016.11.15"]

1. e4 e6 2. d4 d5 3. Nd2 Nc6 4. Ngf3 Nf6 5. e5 Nd7 6. Be2 f6 7. exf6 Qxf6 8.
Nf1 Bd6 9. Ne3 O-O 10. O-O Qg6 11. c4 Nf6 12. c5 Bf4 13. Nc2 Bxc1 14. Rxc1 Ne4
15. Bb5 Bd7 16. Bxc6 Bxc6 17. Ne5 Qg5 18. Nxc6 bxc6 19. f3 Nd2 20. Rf2 Nxf3+
21. Rxf3 Rxf3 22. h4 Qf4 23. gxf3 Rf8 24. Ne1 Qg3+ 25. Ng2 Rxf3 26. Qe2 Qg4 27.
Rd1 h5 28. Rd3 Rxd3 29. Qxd3 g5 30. Qg6+ Kf8 31. Qf6+ Ke8 32. hxg5 h4 33. Qh8+
Kd7 34. Qh7+ 1-0

[Event "DRUGA LIGA SRBIJE-GRUPA VOJVODINA 2016"]
[Site "Kac"]
[Date "2016.11.15"]
[Round "1.3"]
[White "Veljkovic, Vojislav"]
[Black "Strbac, Mladen"]
[Result "1/2-1/2"]
[WhiteElo "2180"]
[BlackElo "2318"]
[PlyCount "56"]
[EventDate "2016.11.15"]

1. Nf3 d6 2. d4 f5 3. b3 Nf6 4. Bb2 g6 5. e3 Bg7 6. Bc4 c6 7. a4 Ne4 8. b4 d5
9. Bd3 a5 10. b5 Nd7 11. c4 Ndc5 12. Nc3 Nxd3+ 13. Qxd3 O-O 14. Ne5 Be6 15.
bxc6 bxc6 16. cxd5 Bxd5 17. Nxd5 Qxd5 18. Nc4 Nc5 19. Qf1 Rab8 20. f3 Rb3 21.
Rd1 Nxa4 22. Qe2 Rfb8 23. Ba1 Nc3 24. Bxc3 Rxc3 25. Nd2 f4 26. O-O Rxe3 27. Qa6
Bxd4 28. Kh1 c5 1/2-1/2

[Event "DRUGA LIGA SRBIJE-GRUPA VOJVODINA 2016"]
[Site "Kac"]
[Date "2016.11.15"]
[Round "1.3"]
[White "Todorovic, Nenad I"]
[Black "Savanovic, Vuk"]
[Result "0-1"]
[WhiteElo "2249"]
[BlackElo "2284"]
[PlyCount "98"]
[EventDate "2016.11.15"]

1. e4 c5 2. Nf3 Nc6 3. d4 cxd4 4. Nxd4 g6 5. c4 Bg7 6. Be3 Nf6 7. Nc3 O-O 8.
Be2 d6 9. O-O Bd7 10. Qd2 Nxd4 11. Bxd4 Bc6 12. f3 a5 13. b3 Nd7 14. Be3 Nc5
15. Rab1 e6 16. Rfd1 Be5 17. Qe1 Qe7 18. Bf1 b6 19. a3 f5 20. exf5 Rxf5 21. Ne2
Raf8 22. b4 Nd7 23. f4 Bg7 24. Qd2 d5 25. Nd4 Bxd4 26. Qxd4 axb4 27. axb4 dxc4
28. Qd6 Qxd6 29. Rxd6 Bb5 30. Rbd1 Nf6 31. Rxe6 Nd5 32. Bxb6 Rxf4 33. Bc5 R8f6
34. Rxf6 Nxf6 35. Rd4 Rxd4 36. Bxd4 Nd5 37. Kf2 Nxb4 38. Bc5 Na6 39. Ba3 Kf7
40. Ke3 Nc7 41. Kd4 c3 42. Bd3 Ne6+ 43. Kxc3 Bxd3 44. Kxd3 Nf4+ 45. Ke4 Nxg2
46. Bb2 g5 47. Kf3 Nh4+ 48. Ke4 Kg6 49. Bc1 h5 0-1

[Event "DRUGA LIGA SRBIJE-GRUPA VOJVODINA 2016"]
[Site "Kac"]
[Date "2016.11.15"]
[Round "1.3"]
[White "Omorjan, Dejan"]
[Black "Perisic, Radivoj"]
[Result "1/2-1/2"]
[WhiteElo "2235"]
[BlackElo "2276"]
[PlyCount "134"]
[EventDate "2016.11.15"]

1. d4 Nf6 2. Nf3 e6 3. c4 b6 4. g3 Ba6 5. Qc2 Bb7 6. Bg2 Bb4+ 7. Bd2 a5 8. O-O
O-O 9. a3 Bxd2 10. Nbxd2 d6 11. e4 Qe7 12. e5 dxe5 13. dxe5 Nfd7 14. h4 g6 15.
Ne4 Bxe4 16. Qxe4 Na6 17. Rad1 Ndc5 18. Qe3 Rad8 19. Qh6 f6 20. exf6 Qxf6 21.
Ng5 Qg7 22. Qxg7+ Kxg7 23. Bh3 e5 24. Bg2 h6 25. Nf3 Kf6 26. Nh2 Kg7 27. Ng4
Rxd1 28. Rxd1 Re8 29. Bc6 Re7 30. Rd8 h5 31. Ne3 Ne6 32. Rc8 Nd4 33. Bd5 Nc5
34. b4 axb4 35. axb4 Nd3 36. b5 e4 37. Kg2 Nf5 38. Rg8+ Kf6 39. Rf8+ Ke5 40.
Nxf5 gxf5 41. Rf7 Rxf7 42. Bxf7 f4 43. Bxh5 f3+ 44. Kf1 Kf6 45. Be8 Ne5 46. Bc6
Nxc4 47. Ke1 Kf5 48. h5 Ne5 49. Bd5 Ng4 50. Bb7 Nf6 51. h6 Kg6 52. Kd2 Kxh6 53.
Ke3 Ng4+ 54. Kxe4 Nxf2+ 55. Kxf3 Nd1 56. Bc6 Kg5 57. Bd7 Nc3 58. Ke3 Nd5+ 59.
Kd4 Nf6 60. Be6 Nh5 61. g4 Nf4 62. Bf5 Ne2+ 63. Kd5 Nc3+ 64. Kc6 Kf4 65. Bd7
Kg5 66. Bc8 Kf4 67. Bd7 Kg5 1/2-1/2

[Event "DRUGA LIGA SRBIJE-GRUPA VOJVODINA 2016"]
[Site "Kac"]
[Date "2016.11.15"]
[Round "1.3"]
[White "Vulin, Milorad"]
[Black "Krejic, Igor"]
[Result "0-1"]
[WhiteElo "2044"]
[BlackElo "2235"]
[PlyCount "74"]
[EventDate "2016.11.15"]

1. e4 c5 2. Nf3 Nc6 3. d4 cxd4 4. Nxd4 Qc7 5. Nc3 e6 6. Be3 Nf6 7. Qd2 Bb4 8.
Bd3 d5 9. exd5 Nxd5 10. Nde2 Qe5 11. O-O Nxe3 12. fxe3 O-O 13. Rf3 b6 14. a3
Bc5 15. Qe1 Bxe3+ 16. Kh1 Bb7 17. Qh4 h6 18. Re1 Bg5 19. Qf2 Rad8 20. Rf1 f5
21. Nf4 Bxf4 22. Rxf4 Qf6 23. Qe3 Ne5 24. Be2 Ng6 25. Rc4 Qe5 26. Qxe5 Nxe5 27.
Rc7 Rf7 28. Rxf7 Kxf7 29. Rd1 Rxd1+ 30. Nxd1 Be4 31. c3 Bd3 32. Bxd3 Nxd3 33.
Kg1 Kf6 34. Kf1 Ke5 35. Ke2 Ke4 36. g3 e5 37. b3 Nc1+ 0-1

[Event "DRUGA LIGA SRBIJE-GRUPA VOJVODINA 2016"]
[Site "Kac"]
[Date "2016.11.15"]
[Round "1.3"]
[White "Cvetanovic, Damjan"]
[Black "Brajic, Djordje"]
[Result "1/2-1/2"]
[WhiteElo "2050"]
[BlackElo "2243"]
[PlyCount "104"]
[EventDate "2016.11.15"]

1. d4 d5 2. c4 Nf6 3. cxd5 Nxd5 4. e4 Nf6 5. Nc3 e5 6. d5 c6 7. Bg5 Qb6 8. Qc2
Be7 9. Nf3 Nbd7 10. Be2 cxd5 11. exd5 O-O 12. O-O h6 13. Be3 Qa5 14. Rfd1 Ng4
15. d6 Nxe3 16. fxe3 Bd8 17. Nd5 Bf6 18. b4 Qd8 19. e4 Nb6 20. Nc7 Rb8 21. a4
Bd7 22. a5 Nc8 23. b5 g5 24. Qc5 Bg4 25. Ra2 b6 26. Qd5 bxa5 27. Nxe5 Bxe2 28.
Rxe2 Nxd6 29. Ne6 Qb6+ 30. Kh1 Rfe8 31. Nd7 fxe6 32. Nxf6+ Kf7 33. Qe5 Red8 34.
Rf1 Qxb5 35. Nd5+ Nf5 36. Qf6+ Kg8 37. Qxe6+ Kh8 38. Qxf5 Rxd5 39. Qxd5 Qxe2
40. Qe5+ Kh7 41. Qe7+ Kh8 42. Qf6+ Kh7 43. e5 Rb7 44. Qf5+ Kg7 45. Qf6+ Kh7 46.
Qf5+ Kg7 47. e6 a4 48. h3 a3 49. Qf6+ Kh7 50. Qf5+ Kg7 51. Qf6+ Kh7 52. Qf5+
Kg7 1/2-1/2

[Event "DRUGA LIGA SRBIJE-GRUPA VOJVODINA 2016"]
[Site "Kac"]
[Date "2016.11.15"]
[Round "1.4"]
[White "Milanovic, Stanko"]
[Black "Petrusic, Velimir"]
[Result "1-0"]
[WhiteElo "2150"]
[BlackElo "2176"]
[PlyCount "41"]
[EventDate "2016.11.15"]

1. e4 d5 2. e5 c5 3. c3 Nc6 4. d4 Qb6 5. dxc5 Qxc5 6. b4 Qb6 7. Qxd5 Bf5 8. Nf3
e6 9. Qb5 Qc7 10. Be3 Nge7 11. Be2 Ng6 12. O-O Ngxe5 13. Nxe5 Qxe5 14. Qxb7 Bd6
15. Qxc6+ Ke7 16. Qb7+ Kf8 17. Qxa8+ Ke7 18. Qb7+ Kf8 19. g3 Be4 20. Qb5 Bd5
21. Bf4 1-0

[Event "DRUGA LIGA SRBIJE-GRUPA VOJVODINA 2016"]
[Site "Kac"]
[Date "2016.11.15"]
[Round "1.4"]
[White "Labus, Vladislav"]
[Black "Dimitrijevic, Nenad"]
[Result "1-0"]
[WhiteElo "2061"]
[BlackElo "2165"]
[PlyCount "97"]
[EventDate "2016.11.15"]

1. e4 c5 2. Nf3 a6 3. d4 cxd4 4. Bg5 Nc6 5. Bc4 d6 6. h3 h6 7. Bh4 g5 8. Bg3
Bg7 9. O-O Nf6 10. Re1 Nd7 11. c3 Nde5 12. Bb3 Nxf3+ 13. Qxf3 O-O 14. Qh5 e5
15. Nd2 Be6 16. Nf3 dxc3 17. bxc3 Bxb3 18. axb3 f5 19. exf5 Rxf5 20. h4 Qf6 21.
hxg5 hxg5 22. Nh2 Qf7 23. Qh3 Re8 24. Ng4 Qe6 25. Ne3 Rf7 26. Qh5 Qh6 27. Qg4
Qg6 28. Red1 Bf8 29. f3 Bg7 30. Kf2 Re6 31. Rh1 e4 32. Rh5 Ne5 33. Bxe5 Rxe5
34. Rah1 exf3 35. gxf3 Rfe7 36. Nc4 Qc2+ 37. Kg3 Re2 38. Qh3 Qxc3 39. Rxg5 Qf6
40. Qh7+ Kf7 41. Rf5 R7e6 42. Rxf6+ Rxf6 43. f4 b5 44. Kf3 Rfe6 45. Nxd6+ Kf8
46. Qf5+ Ke7 47. Nc8+ Kd8 48. Rd1+ Kxc8 49. Rd6 1-0

[Event "DRUGA LIGA SRBIJE-GRUPA VOJVODINA 2016"]
[Site "Kac"]
[Date "2016.11.15"]
[Round "1.4"]
[White "Mik, Aurel"]
[Black "Stamenkovic, Aleksandar"]
[Result "1/2-1/2"]
[WhiteElo "2059"]
[BlackElo "2203"]
[PlyCount "59"]
[EventDate "2016.11.15"]

1. e4 e5 2. Nf3 Nf6 3. d4 Nxe4 4. Bd3 d5 5. Nxe5 Bd6 6. Bxe4 dxe4 7. Nc3 Bxe5
8. dxe5 Qxd1+ 9. Nxd1 Nc6 10. Bf4 O-O 11. O-O Re8 12. Re1 Bf5 13. Nc3 Nxe5 14.
Nxe4 Ng6 15. Ng3 Be6 16. Bxc7 Rec8 17. Ba5 Rxc2 18. Bc3 Nf4 19. a3 Rc8 20. Rac1
Rxc1 21. Rxc1 f6 22. Re1 Kf7 23. Ne4 Rc6 24. f3 Bb3 25. g3 Nd5 26. Bd4 b6 27.
Kf2 Rc2+ 28. Re2 Rxe2+ 29. Kxe2 Ke6 30. Nc3 1/2-1/2

[Event "DRUGA LIGA SRBIJE-GRUPA VOJVODINA 2016"]
[Site "Kac"]
[Date "2016.11.15"]
[Round "1.4"]
[White "Djordjevic, Mitar"]
[Black "Rajin, Milan"]
[Result "1-0"]
[WhiteElo "2152"]
[BlackElo "1995"]
[PlyCount "91"]
[EventDate "2016.11.15"]

1. d4 d6 2. Nf3 b6 3. e4 g6 4. Nc3 Bg7 5. Bb5+ Bd7 6. Bc4 Nc6 7. O-O Na5 8. Ba6
Nf6 9. e5 Ng4 10. h3 Nh6 11. Bg5 O-O 12. Qd2 Nf5 13. g4 f6 14. Bf4 fxe5 15.
dxe5 Bc6 16. gxf5 Bxf3 17. f6 exf6 18. exd6 Qd7 19. Kh2 g5 20. dxc7 Qf5 21. Bg3
h5 22. Qd3 Qxd3 23. cxd3 Bb7 24. Bxb7 Nxb7 25. Nb5 h4 26. Bd6 Rfc8 27. Be7 a6
28. Nd6 Rxc7 29. Nf5 Kf7 30. Ba3 Rd8 31. Rfd1 Kg6 32. Ne7+ Kf7 33. Nf5 Bf8 34.
Bxf8 Kxf8 35. Rac1 Rdc8 36. Rxc7 Rxc7 37. Rd2 Kf7 38. d4 Ke6 39. Ne3 Nd6 40. f3
Nf5 41. d5+ Kd6 42. Nxf5+ Ke5 43. d6 Rd7 44. Ne7 f5 45. Nc6+ Kf4 46. Nb8 1-0

[Event "DRUGA LIGA SRBIJE-GRUPA VOJVODINA 2016"]
[Site "Kac"]
[Date "2016.11.15"]
[Round "1.4"]
[White "Miracola, Giorgia"]
[Black "Reljic, Zoran"]
[Result "0-1"]
[WhiteElo "1894"]
[BlackElo "2126"]
[PlyCount "74"]
[EventDate "2016.11.15"]

1. e4 c5 2. Nf3 e6 3. d4 cxd4 4. Nxd4 Nf6 5. Nc3 Bb4 6. Ndb5 d5 7. exd5 Nxd5 8.
a3 Bxc3+ 9. bxc3 a6 10. c4 axb5 11. cxd5 Qxd5 12. Qxd5 exd5 13. Bxb5+ Bd7 14.
Be2 Bc6 15. O-O O-O 16. Be3 Nd7 17. Rfd1 Ra4 18. Bf3 Nf6 19. Bc5 Re8 20. Bb4
Raa8 21. Rd4 b5 22. Kf1 h6 23. Bd2 Re6 24. Be3 Ra6 25. Rb4 Ne4 26. Be2 Nd6 27.
Bd3 Nc4 28. Bxc4 dxc4 29. Rbb1 Re8 30. Bc5 Be4 31. Re1 Rae6 32. Rec1 Bc6 33. g3
Re5 34. Bd4 Re4 35. c3 Re2 36. Re1 Bg2+ 37. Kxg2 Rxe1 0-1

[Event "DRUGA LIGA SRBIJE-GRUPA VOJVODINA 2016"]
[Site "Kac"]
[Date "2016.11.15"]
[Round "1.5"]
[White "Drazic, Sinisa"]
[Black "Vujovic, Milorad M"]
[Result "1-0"]
[WhiteElo "2415"]
[BlackElo "2069"]
[PlyCount "67"]
[EventDate "2016.11.15"]

1. e4 c6 2. d4 d5 3. Nd2 dxe4 4. Nxe4 Nf6 5. Nxf6+ exf6 6. c3 Bf5 7. Ne2 Bd6 8.
Ng3 Bg6 9. h4 h6 10. h5 Bh7 11. Qg4 Rg8 12. Nf5 Bxf5 13. Qxf5 Qe7+ 14. Be3 Nd7
15. Bc4 O-O-O 16. O-O-O Kb8 17. Rhe1 Nb6 18. Bb3 Qd7 19. Qf3 Rge8 20. g3 Bc7
21. Bd2 Rxe1 22. Rxe1 c5 23. Be3 cxd4 24. Bxd4 Re8 25. Rxe8+ Qxe8 26. Kc2 Qe7
27. Qg4 Be5 28. Be3 f5 29. Qxf5 f6 30. Qe4 Qd7 31. a4 Nc8 32. Qg6 Nd6 33. Qd3
Qf5 34. f4 1-0

[Event "DRUGA LIGA SRBIJE-GRUPA VOJVODINA 2016"]
[Site "Kac"]
[Date "2016.11.15"]
[Round "1.5"]
[White "Vincilov, Dusan"]
[Black "Stojanovic, Mihajlo"]
[Result "0-1"]
[WhiteElo "2277"]
[BlackElo "2503"]
[PlyCount "76"]
[EventDate "2016.11.15"]

1. d4 d5 2. Nf3 c5 3. e3 Nf6 4. Nbd2 Nc6 5. c3 e6 6. Bd3 Bd6 7. O-O O-O 8. dxc5
Bxc5 9. e4 Qc7 10. Qe2 b6 11. e5 Ng4 12. Bxh7+ Kxh7 13. Ng5+ Kg8 14. Qxg4 Qxe5
15. Ndf3 Qf6 16. Qg3 e5 17. Nh3 Qe6 18. Re1 f6 19. Be3 Qg4 20. Rad1 Rd8 21.
Bxc5 bxc5 22. Nd2 Bf5 23. f3 Qa4 24. Qf2 Qxa2 25. g4 Bc2 26. Rc1 Bg6 27. b3 d4
28. Ne4 Qxb3 29. Nxc5 Qd5 30. cxd4 Nxd4 31. Ne4 Rac8 32. Rxc8 Rxc8 33. Qe3 Nc2
34. Qc1 Qe6 35. Rf1 Bxe4 36. Rf2 Nd4 37. Qe3 Bxf3 38. Rxf3 Qxg4+ 0-1

[Event "DRUGA LIGA SRBIJE-GRUPA VOJVODINA 2016"]
[Site "Kac"]
[Date "2016.11.15"]
[Round "1.5"]
[White "Rogac, Srdjan"]
[Black "Tomic, Zivan"]
[Result "1-0"]
[WhiteElo "2387"]
[BlackElo "2058"]
[PlyCount "63"]
[EventDate "2016.11.15"]

1. e4 d5 2. exd5 Qxd5 3. Nc3 Qa5 4. d4 e5 5. dxe5 Bb4 6. Bd2 Nc6 7. a3 Nd4 8.
Bd3 Qxe5+ 9. Kf1 Be7 10. Nf3 Nxf3 11. Qxf3 c6 12. Re1 Qf6 13. Qg3 Be6 14. Ne4
Qh4 15. Nd6+ Kf8 16. Qxh4 Bxh4 17. Nxb7 Be7 18. Na5 c5 19. Bf4 g5 20. Be5 Bf6
21. f3 Kg7 22. Nc6 Bd5 23. Bxf6+ Kxf6 24. Ne5 Be6 25. h4 gxh4 26. Rxh4 Kg7 27.
Bc4 Nf6 28. Bxe6 fxe6 29. Nd3 Kf7 30. Nxc5 Rac8 31. b4 a5 32. Rf4 1-0

[Event "DRUGA LIGA SRBIJE-GRUPA VOJVODINA 2016"]
[Site "Kac"]
[Date "2016.11.15"]
[Round "1.5"]
[White "Ilicin, Mladen"]
[Black "Radlovacki, Jovan"]
[Result "0-1"]
[WhiteElo "2051"]
[BlackElo "2328"]
[PlyCount "56"]
[EventDate "2016.11.15"]

1. e4 c6 2. d4 d5 3. exd5 cxd5 4. c4 Nf6 5. Nc3 Nc6 6. Nf3 Bg4 7. Be2 e6 8. c5
Be7 9. h3 Bxf3 10. Bxf3 O-O 11. O-O b6 12. cxb6 Qxb6 13. Ne2 Ne8 14. b3 Nd6 15.
Bb2 Rfd8 16. Rc1 Bf6 17. Qd3 Bg5 18. Rcd1 Rac8 19. Nc3 Nf5 20. Na4 Qc7 21. Bg4
Nh6 22. Be2 Nb4 23. Qb5 Rb8 24. Qc5 Qb7 25. Qa5 Nc6 26. Qc3 Bf6 27. Nc5 Qe7 28.
Qd2 Nf5 0-1

[Event "DRUGA LIGA SRBIJE-GRUPA VOJVODINA 2016"]
[Site "Kac"]
[Date "2016.11.15"]
[Round "1.5"]
[White "Klasan, Vladimir"]
[Black "Strbac, Milan"]
[Result "1-0"]
[WhiteElo "2387"]
[BlackElo "2053"]
[PlyCount "81"]
[EventDate "2016.11.15"]

1. e4 d6 2. d4 Nf6 3. Nc3 g6 4. Nf3 Bg7 5. h3 O-O 6. Be3 c6 7. Qd2 b5 8. Bd3 a6
9. Bh6 e6 10. Bxg7 Kxg7 11. O-O Nbd7 12. e5 Ne8 13. Ne4 d5 14. Ng3 a5 15. h4 b4
16. a3 bxa3 17. Rxa3 c5 18. c3 Nc7 19. h5 c4 20. Bc2 Nb5 21. Ra2 Bb7 22. Ne2
Bc6 23. Nf4 Ra7 24. hxg6 hxg6 25. Bxg6 Qe7 26. Bc2 Rh8 27. Rfa1 Qd8 28. g3 Nf8
29. Kg2 Be8 30. Rh1 Rxh1 31. Kxh1 f5 32. exf6+ Qxf6 33. Kg2 Nd6 34. Ne5 Kg8 35.
Qe2 Qg5 36. Ra1 Nf5 37. Rh1 Rh7 38. Nf3 Qf6 39. Rxh7 Kxh7 40. Nxd5 Qg6 41. Ne7
1-0

[Event "DRUGA LIGA SRBIJE-GRUPA VOJVODINA 2016"]
[Site "Kac"]
[Date "2016.11.15"]
[Round "1.6"]
[White "Parezanin, Darko"]
[Black "Varga, Zoltan"]
[Result "0-1"]
[WhiteElo "2278"]
[BlackElo "2418"]
[PlyCount "84"]
[EventDate "2016.11.15"]

1. e4 Nf6 2. e5 Nd5 3. Bc4 Nb6 4. Bb3 c5 5. d3 Nc6 6. Nf3 d5 7. exd6 exd6 8.
O-O Be7 9. Nc3 d5 10. Na4 O-O 11. Nxb6 axb6 12. Re1 Bg4 13. c3 Bf6 14. h3 Bh5
15. Bf4 d4 16. c4 Qd7 17. g4 Bg6 18. Ba4 Rfe8 19. Be5 Bd8 20. Bb5 h5 21. Bg3
Bc7 22. Bxc7 Qxc7 23. Rxe8+ Rxe8 24. Nh4 Bh7 25. Ng2 hxg4 26. hxg4 Re6 27. Bxc6
bxc6 28. Qd2 Rh6 29. f4 Rh3 30. Qe2 Bxd3 31. Qe8+ Kh7 32. Re1 Bxc4 33. Re7 Qd6
34. Rxf7 Bxf7 35. Qxf7 Qg6 36. Qd7 Qb1+ 37. Kf2 Qxb2+ 38. Kg1 Qb1+ 39. Kf2
Qxa2+ 40. Kg1 Qb1+ 41. Kf2 Qc2+ 42. Kg1 Rg3 0-1

[Event "DRUGA LIGA SRBIJE-GRUPA VOJVODINA 2016"]
[Site "Kac"]
[Date "2016.11.15"]
[Round "1.6"]
[White "Farkas, Tibor"]
[Black "Banovic, Ivan"]
[Result "1/2-1/2"]
[WhiteElo "2272"]
[BlackElo "2208"]
[PlyCount "36"]
[EventDate "2016.11.15"]

1. e4 c5 2. Nf3 Nc6 3. d4 cxd4 4. Nxd4 g6 5. c4 Bg7 6. Be3 d6 7. Nc3 Nf6 8. Be2
O-O 9. O-O Bd7 10. Qd2 Nxd4 11. Bxd4 Bc6 12. Bd3 a5 13. b3 Ng4 14. Bxg7 Kxg7
15. Rae1 Qb6 16. Be2 Nf6 17. Bd1 Qb4 18. a4 Rad8 1/2-1/2